00281nam a2200121Ia 4500008004100000100001300041245003300054260003000087300000900117650001100126942000700137999001500144190216s9999||||xx |||||||||||||| ||und|| aJain S C 0aAgricultural Policy In India bAllied Publicationsc1967 a224p aBotany cBK c1045d1045